[Event "Taastrup"]
[Site "Taastrup"]
[Date "1992.??.??"]
[Round "?"]
[White "Chernin, Alexander"]
[Black "Hector, Jonny"]
[Result "0-1"]
[WhiteElo "2620"]
[BlackElo "2535"]
[Annotator "Hansen,Cu"]
[PlyCount "68"]
[EventDate "1992.02.??"]
[EventType "tourn"]
[EventRounds "9"]
[EventCountry "DEN"]
[EventCategory "13"]
[SourceTitle "CBM 028"]
[Source "ChessBase"]
[SourceDate "1992.06.01"]
[SourceVersion "1"]
[SourceVersionDate "1992.06.01"]
[SourceQuality "1"]

1. c4 {Ernst} c6 2. Nf3 d5 3. e3 Nf6 4. Nc3 e6 (4... Bg4 5. Qb3 (5. cxd5 Bxf3
6. Qxf3 cxd5 7. d4 Nc6 8. Bd3 e6 $10 {Polugajevski-Hort (izt) 1973}) 5... Qb6
6. Qxb6 axb6 7. cxd5 Bxf3 8. gxf3 Nxd5 (8... cxd5 9. Bb5+ Nc6 10. b3 e6 11. Bb2
Nd7 $10 {Sanz Alonso-Pomar Salamanca 1975}) 9. Nxd5 cxd5 10. b3 Nc6 11. Bb2 f6
12. f4 e6 13. Rg1 $13 {Larsen-Torre 5` Bruxelles 1987}) 5. Qc2 Bd6 6. d4 O-O (
6... Nbd7 {D45}) 7. Be2 Qe7 (7... Nbd7 {D45}) 8. O-O e5 9. dxe5 (9. cxd5 e4 $15
) 9... Bxe5 10. cxd5 cxd5 11. b3 (11. Nxe5 $5 {Ernst}) 11... Nc6 12. Bb2 {
/\Nxe5+/-} (12. Nxe5 Qxe5 13. Bb2 Bf5 14. Qc1 $14 {/\Nc3-b5,><d4} (14. Qd2 d4
$13)) 12... Bb8 13. Rad1 Rd8 14. Rd2 h6 15. Rfd1 Be6 $10 {צd2} 16. g3 (16. Nb5
Ne4) 16... a6 17. e4 Nb4 18. Qb1 Ba7 $15 19. a3 dxe4 20. Nxe4 Nbd5 21. Nd4 Bh3
22. Bf3 Rd7 23. Ne2 (23. Re2 {Ernst}) 23... Re8 24. Nxf6+ (24. N4c3 $2 {Ernst}
Bxf2+ $1 25. Kxf2 $2 Qe3+ $19) 24... Nxf6 25. Rxd7 Bxf2+ $6 (25... Bxd7 $15)
26. Kh1 $2 $138 (26. Kxf2 Qe3+ 27. Ke1 Qg1+ (27... Qxf3 $2 28. Qd3 $16) 28. Kd2
Qe3+ 29. Ke1 $10) 26... Bxd7 $19 27. Nf4 Bg4 28. Qd3 Be3 29. Rf1 Bxf3+ 30. Rxf3
Ng4 31. Nd5 Qe6 32. Bxg7 Kxg7 33. Nc7 Nf2+ 34. Rxf2 Qc6+ {Hansen,C} 0-1

[Event "EU-Cup 08th final"]
[Site "Munich"]
[Date "1992.??.??"]
[Round "5.1"]
[White "Boensch, Uwe"]
[Black "Shcherbakov, Ruslan"]
[Result "1-0"]
[WhiteElo "2500"]
[BlackElo "2495"]
[Annotator "Hansen,Cu"]
[PlyCount "77"]
[EventDate "1992.??.??"]
[EventType "team-match"]
[EventRounds "1"]
[EventCountry "GER"]
[SourceTitle "EXT 2020"]
[Source "ChessBase"]
[SourceDate "2019.10.17"]
[SourceVersion "1"]
[SourceVersionDate "2019.10.17"]
[SourceQuality "1"]
[WhiteTeam "Muenchen Bayern"]
[BlackTeam "Chelyabinsk Poliot"]
[WhiteTeamCountry "GER"]
[BlackTeamCountry "URS"]

1. d4 d5 2. c4 e6 3. Nc3 c6 4. e3 Nf6 5. Nf3 Nbd7 6. Qc2 Bd6 7. Be2 O-O 8. O-O
Re8 9. Rd1 (9. b3 Qe7 (9... Qc7 10. Bb2 {after transposition} b6 11. e4 dxe4
12. Nxe4 Nxe4 13. Qxe4 Bb7 14. Rad1 Rad8 15. Ne5 f5 16. Qe3 c5 $13 {
Danielsen-Hector,J/Espergarde PC/1992/}) 10. Bb2 b6 11. e4 dxe4 12. Nxe4 Nxe4
13. Qxe4 Bb7 14. Bd3 $6 f5 $1 15. Qe2 c5 $15 {Grivas-Kramnik,V/Dortmund op-A/
1992/}) 9... Qe7 10. b3 (10. e4 $6 Nxe4 11. Nxe4 dxe4 12. Qxe4 e5 $1 13. Bg5
Qf8 14. Bd3 f5 15. Qxf5 $4 (15. Qh4 e4 16. c5 $17) 15... Nf6 {Huebner,
R-Kasparov,G/Köln TV 1992/0-1/}) (10. h3 $5 h6 11. a3 a6 12. b3 dxc4 13. bxc4
e5 14. Nh4 Nf8 15. Nf5 Bxf5 16. Qxf5 $14 {Karpov,An-Illescas Cordoba,M/Wijk/
1993/}) 10... b6 11. Bb2 Bb7 12. e4 Nxe4 13. Nxe4 dxe4 14. Qxe4 Red8 $6 (14...
Rad8 15. Ne5 f5 $1 16. Qe3 Nxe5 17. dxe5 Bc5 $10) 15. Bd3 Nf6 (15... f5 16. Qe2
$14 {X e6}) 16. Qe2 c5 17. dxc5 Bxc5 18. Ne5 $14 Ba3 19. Bc3 Bb4 20. Bxb4 Qxb4
21. Qe3 Qe7 22. a3 $1 Nd7 23. b4 Nxe5 24. Qxe5 Rac8 25. Be2 h6 26. f3 Bc6 $2 (
26... Rxd1+ 27. Rxd1 Rd8 $14) 27. b5 $1 Bb7 28. a4 Rxd1+ (28... Rc5 $6 29. Qe3
{/\a5;Rd8+/-}) 29. Rxd1 Rd8 30. Rxd8+ Qxd8 31. Kf1 $1 a5 32. c5 $16 bxc5 33.
Qxc5 Qd2 34. b6 g6 35. h4 h5 36. Qc7 Qd5 37. Kf2 e5 $6 {X /^a2-g8} 38. Kg3 $1
Bc6 $2 39. b7 $1 (39. b7 $1 Bxb7 40. Bc4 $18) 1-0

[Event "Las Palmas"]
[Site "Las Palmas"]
[Date "1993.??.??"]
[Round "5"]
[White "Rivas Pastor, Manuel"]
[Black "Morovic Fernandez, Ivan"]
[Result "0-1"]
[WhiteElo "2515"]
[BlackElo "2570"]
[Annotator "Hansen,LB"]
[PlyCount "56"]
[EventDate "1993.06.??"]
[EventType "tourn"]
[EventRounds "9"]
[EventCountry "ESP"]
[EventCategory "16"]
[SourceTitle "CBM 036"]
[Source "ChessBase"]
[SourceDate "1993.10.01"]
[SourceVersion "1"]
[SourceVersionDate "1993.10.01"]
[SourceQuality "1"]

1. c4 c6 2. Nf3 d5 3. e3 Nf6 4. b3 e6 5. Bb2 Nbd7 6. Nc3 Bd6 7. Be2 O-O 8. O-O
Re8 9. d4 b6 10. Qc2 Bb7 11. Rad1 {More common is 11.Rfd1.} (11. e4 dxe4 12.
Nxe4 Nxe4 13. Qxe4 Qe7 {via transposition} 14. Bd3 $6 f5 $1 15. Qe2 c5 $1 16.
Rad1 cxd4 17. Nxd4 Qh4 $1 18. g3 Qh3 19. f3 Bc5 20. Kh1 Nf6 $17 {Grivas,
E-Kramnik,V/Dortmund op/1992/}) (11. Rfd1 Qe7 12. e4 Nxe4 13. Nxe4 dxe4 14.
Qxe4 {Via transposition this position has been reached in several high-level
games.} Nf6 (14... Red8 15. Bd3 Nf6 16. Qe2 c5 17. dxc5 Bxc5 18. Ne5 Ba3 19.
Bc3 Bb4 20. Bxb4 Qxb4 21. Qe3 $14 {Boensch,U-Sherbakov,R/EUcup(Bay-Chel)/1992/}
) (14... Rad8 15. h3 (15. Ne5 f5 $1 16. Qe3 Nxe5 {1/2;van der Sterren,P-Hort,V/
Manila OL/1992}) 15... Nf6 16. Qe3 c5 17. Ne5 Qc7 18. Bd3 h6 19. Bc2 b5 $1 20.
Qe2 bxc4 21. Nxc4 Bh2+ 22. Kh1 Qc6 23. f3 Bc7 $17 {Karpov,A-Bareev,E/Paris
Immopar 25`/1992/}) 15. Qe3 c5 16. Ne5 Qc7 17. h3 Ne4 $1 18. Bd3 cxd4 19. Bxd4
Nc5 20. Bc2 f6 21. Bxc5 bxc5 22. Nf3 f5 $17 {San Segundo,P-Kramnik,V/Madrid/
1993/}) 11... Qe7 (11... Rc8 12. e4 e5 $5 13. exd5 e4 14. Nh4 cxd5 15. Nf5 Bb8
$13 {Kakageldyev,A-Imanaliev,T/Bishkek zt/1993/}) 12. e4 Nxe4 13. Nxe4 dxe4 14.
Qxe4 Rad8 15. Bd3 $6 (15. Ne5 f5 $5 16. Qe3 Nxe5 17. dxe5 Bc5 $10) 15... f5 $1
16. Qe2 c5 17. Bc2 $6 $146 (17. dxc5 Nxc5 18. Bc2 Ne4 19. Bxe4 Bxe4 20. Be5 {
1/2;Wojtkiewicz,A-Kolev,At/Budapest zt/1993/}) 17... cxd4 18. Nxd4 g6 $1 $15 {
/\e5} 19. Qd2 $2 (19. Nb5 $142) 19... Nf6 20. Qc3 e5 $17 21. Nb5 Bb4 22. Qh3
Nh5 $1 23. Bc1 $8 Nf4 24. Bxf4 exf4 $19 {^^;X Qh3;Bc2;Nb5} 25. Nd4 Bc5 26. Nf3
Qe2 $1 27. Ng5 Qxf2+ $3 28. Kh1 (28. Rxf2 Rxd1+ 29. Bxd1 Re1#) 28... h6 $1 0-1

[Event "Amsterdam Euwe Memorial"]
[Site "Amsterdam"]
[Date "1996.03.23"]
[Round "2"]
[White "Seirawan, Yasser"]
[Black "Lautier, Joel"]
[Result "1-0"]
[WhiteElo "2630"]
[BlackElo "2630"]
[Annotator "Hansen,LB"]
[PlyCount "57"]
[EventDate "1996.03.22"]
[EventType "tourn"]
[EventRounds "9"]
[EventCountry "NED"]
[EventCategory "18"]
[SourceTitle "CBM 052"]
[Source "ChessBase"]
[SourceDate "1996.06.01"]
[SourceVersion "1"]
[SourceVersionDate "1996.06.01"]
[SourceQuality "1"]

1. d4 {Seirawan Ftacnik} d5 2. c4 e6 3. Nc3 c6 4. e3 Nf6 5. Nf3 Nbd7 6. Qc2 Bd6
7. b3 O-O 8. Be2 dxc4 9. bxc4 e5 10. O-O Re8 11. Rd1 Qe7 12. a4 $1 {More
common is 12.Rb1, but I think this is stronger. Whites strategic aim is the
exchange of the blacksquared bishops through Ba3.} (12. Rb1 e4 13. Nd2 Nf8 14.
Nf1 (14. c5 Bc7 15. Nc4 $14 {Karpov,A - Knaak,R/ Baden Baden/1992/}) 14... Ng6
15. a4 Nh4 16. Ng3 $13 {Karpov,A - Gurevich,M/ Reggio Emilia/1991/}) (12. Rb1 {
Ftacnik}) 12... e4 (12... exd4 $5 13. exd4 c5 (13... Nf8 {Ftacnik})) 13. Nd2
Nf8 14. Qa2 $1 $146 (14. c5 Bc7 15. Ba3 Ng6 16. Nc4 Ng4 17. h3 Nxf2 18. Kxf2
Qh4+ 19. Kg1 Bxh3 20. gxh3 Qg3+ 21. Kf1 f5 22. Nd6 Qxh3+ 23. Ke1 Bxd6 24. Kd2
$18 {Wojtkiewicz,A - Priehoda,V/ Odorheiu Secuiesc zt/1995/}) (14. a5 {Ftacnik}
Ng4 (14... a6 15. Nf1 Ng6 16. Qb3 h5 17. Ba3 h4 18. Bxd6 Qxd6 19. Qa3 Qd8 20.
h3 Nh7 21. Qc5 Qf6 22. Nh2 Ng5 23. Ng4 Bxg4 24. Bxg4 Ne7 25. Rab1 {1-0
Speelman,J-Anand,V/Roquebrune 30' (12)/1992/ (33)}) 15. Nf1 (15. g3 Nxh2 (15...
Bf5 16. c5 Bc7 17. d5 Be5 18. d6 Qf6 19. Ra3 Nxh2 20. Ncxe4 Qg6 21. Kxh2 Bxg3+
22. fxg3 Rxe4 23. Nxe4 Bxe4 24. Bd3 Qh5+ 25. Kg1 Qh1+ 26. Kf2 Qg2+ 27. Ke1 Qxc2
28. Bxc2 Bxc2 29. Rd4 {Goldstern,F-Simon,R/SWZ-chI op (03)/1992/1-0 (75)}) 16.
Qxe4 (16. Kxh2 Qh4+ 17. Kg1 Bxg3 $19) 16... Qd7 $17) 15... Qh4 $1 (15... Nxh2
16. Nxh2 Bxh2+ 17. Kxh2 Qh4+ 18. Kg1 Re6 19. g3 $16) 16. g3 Qf6 17. Nxe4 Rxe4
$17) (14. Qb3 $5 {Ftacnik}) (14. Nf1 $1 {Ftacnik} Bf5 $6 (14... h5 15. Qb3 Bg4
16. Ba3 $1 Rad8 17. Bxd6 $14) 15. a5 a6 16. Qb3 Rad8 17. Ba3 $1 $14 Bxa3 18.
Rxa3 h5 19. Rb1 h4 20. Qb4 Bg4 $6 21. Qxe7 Rxe7 22. Bxg4 Nxg4 23. Rab3 (23.
Nxe4 $1 Rxe4 24. f3 Re7 25. fxg4 $16) 23... Rdd7 24. Nd2 f5 25. c5 Ne5 26. Na4
Ne6 27. Nb6 Rd8 28. Nbc4 Nxc4 29. Nxc4 Rdd7 30. Nd6 {1-0 Lputian,S-Tseitlin,MS/
Moscow Alekhine op/1992 (36)}) 14... Qc7 (14... Ng4 15. h3 (15. h3 {Ftacnik}
Nxf2 16. Kxf2 Qh4+ 17. Kg1 Bxh3 18. Ndxe4 $16)) (14... Ng6 15. Ba3 $14 (15. Ba3
Nh4 16. Bxd6 Qxd6 17. c5)) (14... Qe6 15. c5 (15. Ba3 Bc7) 15... Qxa2 16. Rxa2
Bc7 $14 {>< b7}) (14... Bg4 15. Ba3 Bxe2 16. Bxd6 Qxd6 17. Nxe2 Ng4 18. Ng3 $14
) (14... h5 15. Ba3 N8h7 $14) (14... b6 $6 15. Ba3 c5) (14... Bb4 $6 15. Ba3 a5
) 15. h3 (15. g3 {Ftacnik} Ng6 16. Ba3 h5 17. Bxd6 Qxd6 $132) 15... Ng6 (15...
Qa5 $2 {Ftacnik /\ 16...Q:c3; 16...Qg5} 16. c5 $1 Qxc3 17. Nc4 Bc7 18. Bd2 $18)
16. Ba3 Bxa3 (16... Nh4 {Ftacnik} 17. Bxd6 Qxd6 18. Qa3 Qd7 19. Bf1) 17. Qxa3
Nh4 18. a5 $1 $16 {>< b7} Qd7 {/\ Ng2} 19. Bf1 (19. a6 {Ftacnik} Nxg2) 19...
Qf5 20. Qd6 $1 Qg5 21. g3 (21. Qg3 {Ftacnik} Qxg3 22. fxg3 Nf5 23. Kf2 Nxd4 24.
exd4 e3+ 25. Ke1 exd2+ 26. Kxd2 $16) 21... Bf5 (21... Nf5 {Ftacnik} 22. Qf4
Qxf4 23. gxf4 $16) 22. a6 $1 Rad8 $2 (22... bxa6 23. Ra5 $1 $16) (22... b6 {
Seirawan} 23. Qxc6) 23. Qf4 Qxf4 24. exf4 e3 (24... Ng6 {Ftacnik} 25. axb7 $18)
25. fxe3 Rxe3 26. gxh4 Rxc3 27. axb7 $18 Rc2 28. Rxa7 Rb2 29. Bg2 (29. Bg2 {
Ftacnik} Rf8 30. Bxc6 g6 31. Kf2 $18) 1-0

[Event "Biel 53rd"]
[Site "Biel"]
[Date "2020.07.29"]
[Round "7"]
[White "Anton Guijarro, David"]
[Black "Harikrishna, Pentala"]
[Result "0-1"]
[WhiteElo "2703"]
[BlackElo "2719"]
[Annotator "Harikrishna,P"]
[PlyCount "66"]
[EventDate "2020.07.21"]
[EventType "tourn"]
[EventRounds "7"]
[EventCountry "SUI"]
[EventCategory "17"]
[SourceTitle "CBM 197"]
[Source "ChessBase"]
[SourceDate "2020.07.27"]
[SourceVersion "1"]
[SourceVersionDate "2020.07.27"]
[SourceQuality "1"]

{[%evp 0,66,7,-19,49,15,19,16,42,16,26,26,38,11,33,-17,33,2,8,13,13,16,16,4,9,
1,12,-23,30,24,24,24,12,2,0,-36,37,4,52,-16,18,-17,29,22,22,-49,79,53,90,35,30,
30,38,-83,-83,-163,-163,-163,-164,-164,-141,-141,-141,-141,-141,-154,-162,-168,
-156] This is the last round from Biel masters. I was trailing by half a point
behind the eventual champion Wojtaszek. I hoped to have an interesting game to
keep some pressure on Radek. Therefore, I chose an opening which I don't play
that often.} 1. c4 c6 2. Nf3 d5 3. e3 Nf6 4. Nc3 e6 5. d4 Nbd7 {This position
can be reached by various move orders.} 6. Qc2 (6. Bd3 dxc4 7. Bxc4 b5 8. Bb3 {
My game against Vincent Keymer went this way where I had the white pieces.})
6... Bd6 7. b3 O-O 8. Be2 b6 (8... e5 9. cxd5 cxd5 10. Nb5 Bb4+ 11. Bd2 Bxd2+
12. Nxd2 a6 13. dxe5 Nxe5 14. Nd4 Bg4 $11 {I would evaluate this position as
equal. Considering the tournament situation I did not go for this. I drew a
game against Peter Leko from this position in 2016.}) 9. Bb2 Bb7 10. O-O Qe7
11. Rfe1 Rfe8 12. Rad1 Rad8 13. Bf1 c5 14. cxd5 exd5 15. Nb5 {This is the
first new move for me. I was prepared until here.} (15. g3 {is played more
often. There are hundreds of games in the database.}) 15... Bb8 {More or less
forced as Black cannot allow the exchange of his bishop for White's knight.}
16. dxc5 bxc5 17. g3 {This was the critical position. I felt that it was about
equal. Black needs an active plan and, quite importantly, not to exchange too
many pieces.} Ng4 $5 (17... Ne4 18. Bg2 Ndf6 19. Nc3 Bc7 $11 {was also
possible. White's play is a bit easier here, therefore I did not go for this.})
18. Bg2 (18. h3 Nge5 19. Nxe5 Bxe5 20. Bg2 h5 $13) 18... Ndf6 {[%cal Yf6e4]
With the idea to play Ne4.} 19. Nc3 h5 {My idea was to expand the kingside and
keep ...h4 ready whenever possible. I also wanted to provoke White to play h3.}
20. Ba3 Qc7 {To keep my chances I decided to play this way.} (20... Ne4 $5 21.
Nxe4 dxe4 22. Nh4 Nxh2 23. Qxc5 Qxc5 24. Bxc5 g5 $11) 21. h3 d4 $1 (21... Ne5
22. Nxe5 Rxe5 23. Ne2 $16 {[%cal Yc2c5]}) (21... Nxe3 $2 22. Rxe3 Rxe3 23. fxe3
d4 24. Ne2 $1 $18) 22. hxg4 $2 {This is already a mistake. White had to play
exd4 and the position is about equal.} (22. exd4 $1 Rxe1+ 23. Nxe1 Bxg2 24.
Kxg2 cxd4 (24... Ne3+ $5 25. fxe3 Qxg3+ 26. Kf1 Qxh3+ 27. Qg2 Qxe3 $13) 25.
hxg4 dxc3 26. Rxd8+ Qxd8 27. Qxc3 hxg4 $11) 22... hxg4 (22... dxc3 {I
considered this but wrongly judged that White's position is fine.} 23. gxh5 Qa5
24. Rxd8 Rxd8 25. Rd1 (25. Qc1 Rd2 $19) 25... Rxd1+ 26. Qxd1 Bxf3 27. Bxf3 Qxa3
28. Qd8+ Kh7 29. Qd3+ Kh6 30. Qxc3 Qxa2 $17) 23. Nb5 $4 (23. Nxd4 $1 Bxg2 24.
Kxg2 cxd4 25. exd4 Rxe1 (25... Nd5 $2 {This doesnt work.} 26. Bc5 Ne3+ 27. Rxe3
Rxe3 28. fxe3 Qxg3+ 29. Kf1 Qxe3 30. Rd3) 26. Rxe1 Rxd4 $11) 23... Qa5 $19 24.
Nfxd4 Bxg2 25. Qxc5 (25. Kxg2 cxd4 26. Nxd4 Qxa3 $19) 25... Bb7 {There is
nothing wrong with this move, although Ba8 is winning immediately.} (25... Ba8
$1 26. Nc3 Qa6 27. Nf5 Rxd1 28. Rxd1 Be5 29. Ne7+ Kh8 30. Qxe5 Qxa3 $19) 26.
Nf5 $4 (26. Nc3 Qa6 27. Qb5 {This is the difference to 25....Ba8!, as here the
bishop on b7 is hanging.} Qxb5 28. Ndxb5) 26... Rd5 27. Ne7+ Rxe7 28. Qxe7 Qxb5
29. e4 (29. Qf8+ Kh7 30. Qxb8 Rh5 $19 (30... Rxd1 31. Rxd1 Qc6 $19)) 29... Rxd1
30. Rxd1 Bxe4 31. Re1 Ba8 {Here Anton resigned. Surprisingly White could
continue here for a while. 31...Bb7 was the right move. In this game I played .
..Ba8 when ...Bb7 was superior, and ...Ba8 when ...Bb7 was winning :)} 32. Qb4
Qxb4 (32... Qc6 33. Qxb8+ Kh7 34. Kf1 {With White's rook on d1, Black can
simply capture it. Even here Black is winning, but he needs to play precisely.}
) 33. Bxb4 Bb7 0-1

[Event "ROM-ch"]
[Site "Bucharest"]
[Date "1998.12.17"]
[Round "9"]
[White "Cosma, Ioan"]
[Black "Danilov, Ilie Vladimir"]
[Result "1/2-1/2"]
[WhiteElo "2475"]
[BlackElo "2335"]
[Annotator "Hecht,H"]
[PlyCount "111"]
[EventDate "1998.12.08"]
[EventType "tourn"]
[EventRounds "15"]
[EventCountry "ROU"]
[EventCategory "9"]
[SourceTitle "CBM 069"]
[Source "ChessBase"]
[SourceDate "1999.04.01"]
[SourceVersion "1"]
[SourceVersionDate "1999.04.01"]
[SourceQuality "1"]

1. d4 d5 2. c4 e6 3. Nf3 c6 4. e3 Nf6 5. Nc3 Nbd7 6. Qc2 Be7 7. Bd3 dxc4 8.
Bxc4 b5 9. Bd3 Bb7 10. a3 a5 11. e4 b4 12. Na4 Ba6 13. Bxa6 Rxa6 14. O-O O-O
15. Bf4 Qa8 16. Nc5 Nxc5 17. dxc5 Nd7 18. Bg5 b3 19. Qc4 Bxg5 20. Nxg5 Qa7 21.
Rfd1 Nxc5 22. Rac1 Nd7 23. Qxb3 h6 24. Nf3 Rb8 25. Qc3 Rab6 26. Rc2 Rb3 27.
Qxc6 Rxb2 28. e5 Rxc2 29. Qxc2 Qc5 30. Qe2 Nb6 31. g4 Nd5 32. g5 Nc3 33. Qc2
Qc4 34. Kh1 Rc8 35. Rd3 Qe4 36. gxh6 gxh6 37. h3 Kg7 38. Kh2 Nd5 39. Qd2 Kh7
40. Ne1 Qxe5+ 41. Rg3 Rg8 42. Nf3 Qf4 43. Qxf4 Nxf4 44. Ne5 f6 45. Rxg8 Kxg8 {
[#] Schwarz wird seinen a-Bauern verlieren und sieht danach seinen Springer
zum Bewacher des weißen a-Bauern degradiert. Da bringen auch die verbundenen
Freibauern nicht mehr den Sieg. Merke: in Springerendspielen sind
Randfreibauern am effektivsten, weil sie nur von einer Seite angegriffen
werden können und den Rang eines entfernten Freibauern haben.} 46. Nc4 Nd3 47.
Nxa5 Nxf2 48. a4 Nd3 49. Nb3 Nb4 50. Nc5 $1 Kf7 51. a5 Nc6 52. a6 Ke7 (52... f5
53. Nd7 Na7 54. Kg3 Ke7 55. Ne5 $11 {Blockade}) (52... e5 53. Kg3 f5 54. Kf3
Ke7 55. Ke3 Kd6 56. Nd3 {und es geht nicht weiter, denn:} e4 (56... f4+ 57.
Nxf4 exf4+ 58. Kxf4 Ke6 59. Kg4 Kf6 60. Kf4 $11) 57. Nf4 {Blockade}) 53. Kg3
Kd6 54. Ne4+ Ke5 55. Nc3 Na7 56. Kf3 1/2-1/2

[Event "Linares zt"]
[Site "Linares"]
[Date "1995.??.??"]
[Round "10"]
[White "Wells, Peter K"]
[Black "Antunes, Antonio"]
[Result "1-0"]
[WhiteElo "2545"]
[BlackElo "2530"]
[Annotator "Hecht,H"]
[PlyCount "172"]
[EventDate "1995.11.??"]
[EventType "swiss"]
[EventRounds "11"]
[EventCountry "ESP"]
[SourceTitle "CBM 051"]
[Source "ChessBase"]
[SourceDate "1996.04.01"]
[SourceVersion "1"]
[SourceVersionDate "1996.04.01"]
[SourceQuality "1"]

1. d4 {Endspiel-CD} d5 2. c4 c6 3. Nf3 Nf6 4. Nc3 e6 5. e3 Nbd7 6. Qc2 Bd6 7.
g4 dxc4 8. Bxc4 b6 9. e4 e5 10. h3 Bb7 11. Be3 Qe7 12. O-O-O O-O-O 13. Be2 Kb8
14. g5 Ne8 15. Kb1 Nc7 16. dxe5 Nxe5 17. Nh4 g6 18. f4 Nd7 19. Nf3 Rhe8 20. e5
Bc5 21. Bc1 Nd5 22. Qb3 Nxc3+ 23. Qxc3 Nf8 24. a3 a5 25. Bd3 Ne6 26. Be4 Nc7
27. Be3 Nb5 28. Qc1 Bxe3 29. Qxe3 c5 30. Rhe1 Rxd1+ 31. Rxd1 Rd8 32. Rxd8+ Qxd8
33. Bxb7 Kxb7 34. Qe4+ Ka7 35. Kc2 Qd7 36. a4 Nd4+ 37. Nxd4 Qxa4+ 38. Kd3 Qd1+
39. Kc4 Qa4+ 40. Kd3 Qd1+ 41. Kc4 cxd4 42. Qxd4 Qf1+ 43. Kd5 Qxh3 44. Kd6 Qe6+
45. Kc7 Ka6 46. Qd3+ b5 47. Qd6+ Ka7 48. Qxe6 fxe6 49. Kd6 a4 50. Kxe6 b4 51.
Kf7 a3 52. bxa3 bxa3 (52... b3 53. e6 b2 54. e7 b1=Q 55. e8=Q Qf5+ 56. Kg7 Qxf4
57. Qf7+ $18) 53. e6 a2 54. e7 a1=Q 55. e8=Q Qh1 56. Kg8 Qh4 57. Qf7+ Ka6 58.
Qxh7 Qxf4 59. Qxg6+ Ka5 (59... Kb5 $18 {Endspiel-CD  47}) 60. Qf6 {Remis lt.
ENDSPIEL-CD} Qc4+ 61. Kh7 Qc7+ 62. Kh6 Qh2+ 63. Kg6 Ka4 64. Qc6+ Ka3 65. Qc3+
Ka4 $2 {Weiß gewinnt in 58 Zügen (E-CD). Der sK gehört ins Südwesteck!} (65...
Ka2 $1 $10 {Endspiel-CD}) 66. Kg7 Qd6 67. Qc4+ $2 (67. g6 $1 $18 {Endspiel-CD})
67... Ka3 68. g6 Qe5+ 69. Kg8 Qb8+ 70. Kf7 Qa7+ 71. Ke8 Qe3+ 72. Kf8 Qf3+ 73.
Qf7 Qa8+ 74. Kg7 Qe4 75. Kg8 Kb2 76. Qf6+ Kc1 $2 {jeder andere K-Zug hält
remis. Nun: Gewinn in 28 Zügen!} (76... Ka3 $10) 77. g7 Kb1 78. Qf1+ $2 (78.
Kf8 $1) (78. Kf7 $1 $18) 78... Kb2 79. Qb5+ Kc1 $2 (79... Ka2 $10) (79... Ka1
$1 $10) 80. Kf7 Qf4+ 81. Kg6 Qd6+ (81... Qe4+ $142) 82. Kf5 Qd8 83. Qc4+ Kb1
84. g8=Q Qd7+ 85. Qge6 Qh7+ 86. Qg6 Qh2 1-0

[Event "Olympiad-31"]
[Site "Moscow"]
[Date "1994.12.01"]
[Round "1.1"]
[White "Dao, Thien Hai"]
[Black "Ivanchuk, Vassily"]
[Result "0-1"]
[WhiteElo "2475"]
[BlackElo "2695"]
[Annotator "Hecht,H"]
[PlyCount "102"]
[EventDate "1994.12.01"]
[EventType "team-swiss"]
[EventRounds "14"]
[EventCountry "RUS"]
[SourceTitle "CBM 045"]
[Source "ChessBase"]
[SourceDate "1995.04.01"]
[SourceVersion "1"]
[SourceVersionDate "1995.04.01"]
[SourceQuality "1"]
[WhiteTeam "Vietnam"]
[BlackTeam "Ukraine"]
[WhiteTeamCountry "VIE"]
[BlackTeamCountry "UKR"]

1. d4 d5 2. c4 e6 3. Nc3 c6 4. e3 Nf6 5. Nf3 Nbd7 6. Qc2 Bd6 7. b3 O-O 8. Be2
b6 9. O-O Bb7 10. Bb2 Qe7 11. e4 Nxe4 12. Nxe4 dxe4 13. Qxe4 Rad8 14. Rad1 Nf6
15. Qh4 c5 16. dxc5 Bxc5 17. Ne5 h6 18. Ng4 Ne4 19. Qxe7 Bxe7 20. Rxd8 Rxd8 21.
Rd1 Rxd1+ 22. Bxd1 Bc5 23. Bf3 f6 24. Ne3 Kf7 25. Nd1 e5 26. Be2 Ng5 27. Bc1
Ne6 28. Nc3 f5 29. a3 Bc6 30. b4 Bd4 31. Nb5 Bxb5 32. cxb5 Kf6 33. Bc4 Bc3 34.
Kf1 Nd4 35. f3 f4 36. Kf2 h5 37. g3 g5 38. Kg2 Nc2 39. Kf1 Bb2 40. Bxb2 Ne3+
41. Ke2 Nxc4 42. Bc1 $17 {Blacks pawm structure is much better.} Kf5 43. Kd3
Nd6 44. a4 g4 45. fxg4+ Kxg4 46. gxf4 exf4 47. Bb2 $2 (47. Ke2 $142 Ne4 48. Bb2
f3+ 49. Kf1 {Can Black win? May be not!}) 47... f3 48. Bd4 Kh3 49. a5 Kxh2 50.
axb6 axb6 51. Bxb6 Kg2 0-1

[Event "MK Cafe Cup-A"]
[Site "Koszalin"]
[Date "1999.08.13"]
[Round "10"]
[White "Ibragimov, Ildar"]
[Black "Malakhov, Vladimir"]
[Result "1-0"]
[WhiteElo "2554"]
[BlackElo "2570"]
[Annotator "Hecht,H"]
[PlyCount "101"]
[EventDate "1999.08.03"]
[EventType "swiss"]
[EventRounds "9"]
[EventCountry "POL"]
[SourceTitle "CBM 073"]
[Source "ChessBase"]
[SourceDate "1999.12.01"]
[SourceVersion "1"]
[SourceVersionDate "1999.12.01"]
[SourceQuality "1"]

1. d4 d5 2. c4 e6 3. Nf3 c6 4. Qc2 Nf6 5. e3 Be7 6. Nc3 Nbd7 7. Be2 O-O 8. O-O
b6 9. e4 dxe4 10. Nxe4 c5 11. dxc5 Nxc5 12. Rd1 Qc7 13. Nxf6+ Bxf6 14. Bg5 Nd7
15. Qd2 h6 16. Bxf6 Nxf6 17. Qd6 Qxd6 18. Rxd6 Bb7 19. Rad1 Rfc8 20. Ne5 Kf8
21. f3 Rc7 22. b4 Rac8 23. Kf2 Ke7 24. R6d4 Bc6 25. b5 Be8 26. f4 Nd7 27. Nc6+
Kf6 28. Bf3 Nc5 29. Ne5 Ke7 30. Ke3 f6 31. Nc6+ Bxc6 32. bxc6 f5 33. h4 Na6 34.
Rd7+ Kf6 35. R1d6 Rxd7 36. Rxd7 Rc7 37. Rxc7 Nxc7 {[#] Der teilblockierte
Läufer wird in Verbindung mit dem alsbald beherrschenden weißen König zur
entscheidenden Figur, die sowohl den eigenen c-Freibauern unterstützt wie den
gegnerischen aufhält.} 38. Kd4 Na6 39. h5 Ke7 40. Ke5 Nc5 41. Be2 Na6 42. Bd1
Nb4 (42... Nc5 43. Bc2 a6 44. a3 a5 45. g3 a4 46. Bb1 Na6 47. Bd3 Nc5 48. Bc2
Kd8 49. Kd6 Ne4+ 50. Kxe6 Nxg3 51. Bxf5 Kc7 52. Bg6 Kxc6 53. Kf7 Kd6 54. Kxg7
Ke7 55. Kxh6 Kf6 56. Kh7 $18) 43. Ba4 {[%cal Rc6c7]} Na6 44. Bb5 Nc7 45. a3 a6
46. Ba4 Ne8 (46... b5 47. cxb5 axb5 48. Bb3 $22 {[%csl Re6]}) 47. Bb3 Nd6 (
47... Nc7 48. g3 Ne8 49. c5 bxc5 50. Bxe6 Nc7 51. Bxf5 $18) 48. c5 bxc5 (48...
Nf7+ 49. Kd4 b5 50. c7 Kd7 51. Bxe6+ $18) 49. Bxe6 c4 50. c7 c3 51. Bxf5 (51.
Bxf5 a5 52. a4 c2 53. Bxc2 Kd7 54. c8=Q+ Nxc8 55. Bf5+ $18) 1-0